| 000 | 00750cam a2200265 a 4500 | ||
|---|---|---|---|
| 999 |
_c24988 _d24988 |
||
| 001 | 16557372 | ||
| 003 | OSt | ||
| 005 | 20210528105954.0 | ||
| 008 | 101130s2012 maua bd 001 0 eng | ||
| 010 | _a 2010049056 | ||
| 020 | _a9780205024018 | ||
| 020 | _a0205024017 | ||
| 035 | _a(OCoLC)ocn688644557 | ||
| 040 |
_aMMU _cMMU _dMMU _beng |
||
| 050 | 0 | 0 |
_aPN41 _b.H355 2012 |
| 082 | 0 | 0 |
_a800 _222 |
| 100 | 1 |
_aHarmon, William, _d1938- |
|
| 245 | 1 | 2 |
_aA handbook to literature / _cWilliam Harmon. |
| 250 | _a12th ed. | ||
| 260 |
_aBoston : _bLongman, _cc2012. |
||
| 300 |
_axii, 655 p. : _bill. ; _c23 cm. |
||
| 500 | _aIncludes bibliographical references and indexes. | ||
| 650 | 0 |
_aLiterature _vDictionaries. |
|
| 942 |
_2lcc _cLOAN LOAN _e12th ed. |
||